TV Professions Quiz Stats

 Plays Quiz Updated Oct 4, 2018

Score 0/28 Timer 07:00
2 Plays Today
Character Profession % Correct
Cliff Huxtable Obstetrician
90.8%
Philip BanksJudge
90%
Joey TribbianiActor
87.6%
Carla Espinosa TurkNurse
83.8%
Dan FieldingLawyer
83.1%
Thomas MagnumDetective
79.1%
Andy TaylorSheriff
78.6%
Carrie BradshawColumnist
76%
Cliff ClavenMailman
67.4%
Mike BradyArchitect
64.7%
Al BundyShoe Salesman
64.4%
Seymour SkinnerPrincipal
60.9%
IsaacBartender
60.3%
Murphy BrownTV Newsperson
58.4%
Character Profession % Correct
Tony MicelliHousekeeper
57.1%
Ari GoldAgent
54.9%
Venus FlytrapDisc Jockey
52.1%
Ralph KramdenBus Driver
47%
AliceWaitress
45.6%
Latka GravasMechanic
38.6%
Alan HarperChiropractor
34.8%
SchneiderHandyman
33.1%
Jennifer MelfiPsychiatrist
32.7%
Paul BuchmanDirector
29.7%
Edie BrittReal Estate Agent
24.5%
Leo McGarryChief of Staff
23%
Jerry HelperDentist
20%
Michael HoganPilot
18.2%

You're not logged in!

Compare scores with friends on all Sporcle quizzes.
OR
Log In

Sporcle TV

Today on Sporcle TV


Watch our educational content, quiz creation guides, and fun videos on Sporcle TV.

Show Comments

Extras

Top Quizzes Today


Score Distribution

Your Account Isn't Verified!

In order to create a playlist on Sporcle, you need to verify the email address you used during registration. Go to your Sporcle Settings to finish the process.

Report this User

Report this user for behavior that violates our Community Guidelines.

Details: